Statistiques concernant Les joueurs de football français les plus chers par club

Cliquez ici pour prendre le quiz!

Statistiques générales

  • Ce quiz a été pris 4 058 fois
  • Le résultat moyen est 7 sur 19

Statistiques - réponses

ClubAnnéePrixJoueur% Correct
Manchester United2016105M€Paul Pogba
96%
Real Madrid200175M€Zinédine Zidane
91%
Manchester City201755,7M€Benjamin Mendy
66%
Arsenal201753M€Alexandre Lacazette
62%
Olympique de Marseille201730M€Dimitri Payet
52%
Bayern Munich201741,5M€Corentin Tolisso
48%
FC Barcelone201625M€Samuel Umtiti
36%
Paris-SG200033,5M€Nicolas Anelka
31%
Tottenham201635M€Moussa Sissoko
28%
Juventus200141,5M€Lilian Thuram
21%
Chelsea201745M€Tiémoué Bakayoko
21%
Liverpool200420M€Djibril Cissé
20%
Olympique lyonnais201022M€Yoann Gourcuff
19%
Inter Milan201540M€Geoffrey Kondogbia
15%
Monaco201320M€Geoffrey Kondogbia
15%
Atlético Madrid201632M€Kevin Gameiro
15%
Stoke City201625M€Gianelli Imbula
10%
FC Porto201520M€Gianelli Imbula
10%
Everton201722M€Morgan Schneiderlin
3%

Distribution des résultats

Percentile par nombre de réponses

% des personnes avec chaque résultat

Votre développement - résultats

Vous n’avez pas pris ce quiz